[Event "NOR-ch (Women)"]
[Site "Oslo"]
[Date "2008.02.01"]
[Round "1"]
[White "Torsdal, Marte"]
[Black "Haug, Marianne Wold"]
[Result "0-1"]
[WhiteElo "821"]
[BlackElo "1672"]
[PlyCount "110"]
[EventDate "2008.02.01"]
[EventType "swiss"]
[EventRounds "6"]
[EventCountry "NOR"]
[SourceTitle "EXT 2010"]
[Source "ChessBase"]
[SourceDate "2010.11.25"]
[SourceVersion "1"]
[SourceVersionDate "2010.11.25"]
[SourceQuality "1"]

1. e4 c5 2. Nf3 Nc6 3. Bc4 e6 4. Nc3 a6 5. b3 b5 6. Be2 g6 7. Bb2 Bg7 8. d3 Nge7 9. Qd2 0-0 10. Nd1 e5 11. Nc3 Nd4 12. Nxd4 cxd4 13. Nd5 Nxd5 14. exd5 Bb7 15. Bf3 Re8 16. 0-0 Qc7 17. Rac1 Qd6 18. c4 dxc3 19. Bxc3 Bxd5 20. Bxd5 Qxd5 21. Rfe1 Rac8 22. Qb2 Qxd3 23. Re3 Qd5 24. h3 Bh6 25. Rce1 Bxe3 26. Rxe3 d6 27. Qc2 b4 28. Qd2 Qxd2 29. Bxd2 a5 30. Rd3 Red8 31. Be3 Rc3 32. Bb6 Rxd3 33. Bxd8 Rd1+ 34. Kh2 Rd5 35. f3 Kf8 36. Bb6 Ke7 37. Kg3 Kd7 38. Kg4 h6 39. h4 Kc6 40. Be3 f5+ 41. Kg3 f4+ 42. Bxf4 exf4+ 43. Kxf4 Rd2 44. g4 Rxa2 45. g5 h5 46. Ke4 Re2+ 47. Kd3 Rf2 48. Ke3 Rb2 49. Ke4 Rxb3 50. f4 d5+ 51. Ke5 Rf3 52. Kf6 Rxf4+ 53. Kxg6 Rxh4 54. Kh6 Rg4 55. g6 Rxg6+ 0-1